000 00763cam a2200277 4500500
005 20260329004254.0
041 _afre
042 _adc
100 1 0 _aPortevin, Catherine
_eauthor
245 0 0 _aEst-il juste de taxer l’héritage ?
260 _c2019.
500 _a17
690 _aCatherien Portevin
690 _aÉtat
690 _aHéritage
690 _aInégalités
690 _aJustice
690 _aLegs
690 _aMérite
690 _aPascal Salin
690 _aPatrick Savidan
690 _aTaxe
690 _aTransmission
786 0 _nPhilosophie magazine | 128 | 4 | 2019-04-01 | p. 29-29 | 1951-1787
856 4 1 _uhttps://shs.cairn.info/magazine-philosophie-magazine-2019-4-page-29?lang=fr&redirect-ssocas=7080
999 _c1832355
_d1832355